شرح القانون الأساسي للعاملين في الدولة / (رقم التسجيلة. 12935)
[ عرض عادي ]
| 000 -الفاتح | |
|---|---|
| حقل البيانات ثابتة الطول | nam a22 7a 4500 |
| 003 - محدد رقم الضبط | |
| رقم الضبط | INP |
| 005 - وقت وتاريخ اخر تعامل مع التسجيلة | |
| رقم الضبط | 20181121144311.0 |
| 008 - عناصر البيانات ثابتة الطول - معلومات عامة | |
| حقل البيانات ثابتة الطول | 180816s1987 ua ||||fr|||| 00| 0 ara d |
| 017 ## - رقم الايداع القانونى | |
| رقم الايداع القانونى | 1987/1/2000 |
| المصدر ( الهيئة المختصة) | مصر.دار الكتب المصرية. |
| 040 ## - مصدر الفهرسة | |
| وكالة الفهرسة الأصلية | EG-INP |
| لغة الفهرسة | ara |
| وكالة النسخ | EG-INP |
| 082 04 - رقم تصنيف ديوى العشرى | |
| رقم الطبعة | 21 |
| رقم التصنيف | 340.07 |
| رقم المادة | ص ش |
| 100 1# - المدخل الرئيسى - إسم شخصى | |
| الإسم الشخصى | سلوم، صبحي. |
| 245 10 - بيان العنوان | |
| العنوان | شرح القانون الأساسي للعاملين في الدولة / |
| العنوان الفرعي | صبحي سلوم. |
| 260 ## - بيانات النشر | |
| مكان الناشر او الموزع | دمشق : |
| اسم الناشر او الموزع | دار الأنوار للطباعة، |
| تاريخ النشر أو التوزيع | 1987. |
| 300 ## - الوصف المادى | |
| التعداد | 633 ص. ؛ |
| أبعاد الوعاء | 24 سم. |
| 504 ## - تبصرة ببليوجرافية | |
| تبصرة ببليوجرافية,الخ | يشتمل على إرجاعات ببليوجرافية.<br/> |
| 650 #7 - المدخل الاضافى بالموضوع-مصطلح موضوعى | |
| مصدر الرأس أو المصطلح | qrmak |
| مصطلح موضوعي كعنصر مدخل | القانون. |
| 650 #7 - المدخل الاضافى بالموضوع-مصطلح موضوعى | |
| مصدر الرأس أو المصطلح | qrmak |
| مصطلح موضوعي كعنصر مدخل | القانون الأساسي. |
| 651 ## - المدخل الاضافى بالموضوع - اسم جغرافى | |
| مصدر الرأس أو المصطلح | القانون العام. |
| 901 ## - عنصر بيانات محلىA, LDA (RLIN) | |
| كود المفهرس | EGPV19 |
| 902 ## - عنصر بيانات محلىB, LDB (RLIN) | |
| كود المراجع | EGPV10 |
| 903 ## - original or copycat | |
| a | original |
| حالة التراجع | المكان المؤقت | الموقع الحالى | نوع وعاء كوها |
|---|---|---|---|
| Library INP | Library INP | كتاب |
Institute of National Planning Catalog